[Event "Titled Tuesday intern op 25th Mar Early"]
[Site "Chess.com INT"]
[Date "2025.03.25"]
[Round "4"]
[White "Svetlov, Dmitry"]
[Black "Chitlange, Sakshi"]
[Result "0-1"]
[WhiteElo "2335"]
[BlackElo "2211"]
[PlyCount "102"]
[EventDate "2025.03.25"]
[EventType "swiss (blitz)"]
[EventRounds "11"]
[EventCountry "USA"]
[SourceTitle "CB14_2025"]
[SourceDate "2024.11.01"]
[SourceVersion "1"]
[SourceVersionDate "2024.11.01"]
[SourceQuality "1"]

1. d4 d5 2. c4 e6 3. Nc3 Nf6 4. cxd5 exd5 5. Bg5 c6 6. Qc2 Bd6 7. e3 0-0 8. Bd3 h6 9. Bh4 Re8 10. 0-0-0 b5 11. Nge2 a5 12. h3 Na6 13. g4 Nb4 14. Qb1 Be7 15. g5 hxg5 16. Bxg5 Nxd3+ 17. Qxd3 Ne4 18. Bxe7 Qxe7 19. Nxe4 dxe4 20. Qc2 Be6 21. Qc5 Bxa2 22. Nc3 Bb3 23. Rhg1 Qxc5 24. dxc5 Bxd1 25. Rxd1 b4 26. Na4 Rad8 27. Rxd8 Rxd8 28. Nb6 Kf8 29. Kc2 Ke7 30. b3 Rh8 31. Nc4 Rxh3 32. Nxa5 Kd7 33. Kd2 g5 34. Nc4 f5 35. Ne5+ Kc7 36. Nf7 g4 37. Nd6 Rh5 38. Ke2 Kd7 39. Kf1 Ke6 40. Kg2 Rh8 41. Kg3 Ra8 42. Kf4 Ra2 43. Kg3 Rb2 44. Kf4 Rxf2+ 45. Kg3 Rf3+ 46. Kg2 Rxe3 47. Nc4 Rxb3 48. Na5 Rb2+ 49. Kg3 Kd5 50. Kf4 Rf2+ 51. Ke3 Rf3+ 0-1

[Event "Titled Tuesday intern op 04th Mar Early"]
[Site "Chess.com INT"]
[Date "2025.03.04"]
[Round "8"]
[White "Ferrara, Enzo"]
[Black "Svetlov, Dmitry"]
[Result "1-0"]
[WhiteElo "2138"]
[BlackElo "2335"]
[PlyCount "61"]
[EventDate "2025.03.04"]
[EventType "swiss (blitz)"]
[EventRounds "11"]
[EventCountry "USA"]
[SourceTitle "CB11_2025"]
[SourceDate "2025.03.12"]
[SourceVersion "1"]
[SourceVersionDate "2025.03.12"]
[SourceQuality "1"]

1. d4 d5 2. Nf3 Nf6 3. g3 c5 4. dxc5 Nc6 5. Bf4 e6 6. Nbd2 Bxc5 7. Nb3 Bd6 8. Bxd6 Qxd6 9. Bg2 0-0 10. 0-0 e5 11. c4 d4 12. Nfd2 Bf5 13. a3 Rad8 14. Rc1 e4 15. c5 Qc7 16. Nc4 d3 17. Nd6 Bg6 18. exd3 exd3 19. Nd2 Nd4 20. Nxb7 Rb8 21. c6 Ne2+ 22. Kh1 Nxc1 23. Qxc1 Bf5 24. b4 a6 25. Qc4 Ne8 26. Qxa6 Nd6 27. Nxd6 Qxd6 28. Rc1 Rbe8 29. Bf3 Qd4 30. Kg1 Qb2 31. Rd1 1-0

[Event "Titled Tuesday intern op 04th Mar Early"]
[Site "Chess.com INT"]
[Date "2025.03.04"]
[Round "3"]
[White "Kopczynski, Michal"]
[Black "Svetlov, Dmitry"]
[Result "1-0"]
[WhiteElo "2225"]
[BlackElo "2335"]
[PlyCount "29"]
[EventDate "2025.03.04"]
[EventType "swiss (blitz)"]
[EventRounds "11"]
[EventCountry "USA"]
[SourceTitle "CB11_2025"]
[SourceDate "2025.03.12"]
[SourceVersion "1"]
[SourceVersionDate "2025.03.12"]
[SourceQuality "1"]

1. e4 c5 2. d4 cxd4 3. c3 dxc3 4. Nxc3 e6 5. f4 Nc6 6. Nf3 Bb4 7. Bd3 Nge7 8. 0-0 0-0 9. e5 d5 10. Bxh7+ Kxh7 11. Ng5+ Kg6 12. Qg4 f5 13. Qg3 Bc5+ 14. Kh1 Qb6 15. Qh4 1-0

[Event "Titled Tuesday intern op 04th Mar Early"]
[Site "Chess.com INT"]
[Date "2025.03.04"]
[Round "2"]
[White "Svetlov, Dmitry"]
[Black "Taghizadeh, Rayan"]
[Result "0-1"]
[WhiteElo "2335"]
[BlackElo "2269"]
[PlyCount "64"]
[EventDate "2025.03.04"]
[EventType "swiss (blitz)"]
[EventRounds "11"]
[EventCountry "USA"]
[SourceTitle "CB11_2025"]
[SourceDate "2025.03.12"]
[SourceVersion "1"]
[SourceVersionDate "2025.03.12"]
[SourceQuality "1"]

1. c4 e5 2. g3 Nc6 3. Bg2 g6 4. Nc3 Bg7 5. Nf3 d6 6. 0-0 f5 7. d3 Nf6 8. Bg5 0-0 9. Qc1 Be6 10. h4 Kh8 11. Bxf6 Bxf6 12. Ng5 Bg8 13. Nd5 Bg7 14. Rb1 Nd4 15. Qd2 c6 16. Nc3 h6 17. Nf3 Ne6 18. e3 g5 19. hxg5 hxg5 20. e4 f4 21. Bh3 Nd4 22. Nxd4 exd4 23. Nd1 Be5 24. Kg2 Qf6 25. Rh1 Kg7 26. Bf5 Be6 27. g4 Bxf5 28. gxf5 Rh8 29. Rxh8 Rxh8 30. b3 Qh6 31. Nb2 Qh3+ 32. Kg1 Qh1# 0-1

[Event "Titled Tuesday intern op 28th Jan Early"]
[Site "Chess.com INT"]
[Date "2025.01.28"]
[Round "4"]
[White "Agibileg, Uurtsaikh"]
[Black "Svetlov, Dmitry"]
[Result "1-0"]
[WhiteElo "2392"]
[BlackElo "2335"]
[PlyCount "69"]
[EventDate "2025.01.28"]
[EventType "swiss (blitz)"]
[EventRounds "11"]
[EventCountry "USA"]
[SourceTitle "CB06_2025"]
[SourceDate "2025.02.05"]
[SourceVersion "1"]
[SourceVersionDate "2025.02.05"]
[SourceQuality "1"]

1. d4 d5 2. c4 e6 3. Nc3 c6 4. Nf3 Nf6 5. e3 Bd6 6. Bd3 0-0 7. 0-0 Nbd7 8. Rb1 dxc4 9. Bxc4 e5 10. b4 exd4 11. Nxd4 Ne5 12. Be2 Qe7 13. h3 Bxb4 14. Bb2 Rd8 15. Qc2 Bc5 16. Na4 Bxd4 17. Bxd4 Nd5 18. Rfd1 g6 19. Ba1 Qg5 20. f4 Qg3 21. Bxe5 Bf5 22. Qb2 Nxe3 23. Bf3 Bxb1 24. Rxb1 b5 25. Nc5 Nc4 26. Qc3 Nxe5 27. fxe5 Rac8 28. Ne4 Qf4 29. Nf6+ Kg7 30. Kh1 Re8 31. Re1 Re7 32. Re4 Qf5 33. Bg4 Qg5 34. Bxc8 Qd2 35. Qxd2 1-0

[Event "Titled Tuesday intern op 14th Jan Early"]
[Site "Chess.com INT"]
[Date "2025.01.14"]
[Round "1"]
[White "Brunner, Nicolas"]
[Black "Svetlov, Dmitry"]
[Result "1-0"]
[WhiteElo "2413"]
[BlackElo "2335"]
[PlyCount "73"]
[EventDate "2025.01.14"]
[EventType "swiss (blitz)"]
[EventRounds "11"]
[EventCountry "USA"]
[SourceTitle "CB04_2025"]
[SourceDate "2025.01.22"]
[SourceVersion "1"]
[SourceVersionDate "2025.01.22"]
[SourceQuality "1"]

1. d4 d5 2. c4 e6 3. Nf3 c6 4. g3 Nf6 5. Bg2 Bd6 6. Qc2 0-0 7. 0-0 Nbd7 8. Nc3 Qc7 9. e4 dxe4 10. Nxe4 Nxe4 11. Qxe4 Nf6 12. Qe2 c5 13. b3 cxd4 14. Nxd4 Be5 15. Bb2 Bxd4 16. Bxd4 Qe7 17. Rad1 Bd7 18. Bxb7 Rab8 19. Bg2 a5 20. Be5 Rb6 21. Bc7 Ra6 22. Bb7 Bc6 23. Bxa6 Qxc7 24. Bb5 Ba8 25. f3 Qa7+ 26. Qf2 Qb7 27. Rd6 Ng4 28. Qb6 Qxb6+ 29. Rxb6 Ne3 30. Re1 Nc2 31. Rc1 Nb4 32. c5 Bxf3 33. c6 Rc8 34. c7 e5 35. Rb8 Bg4 36. Rxc8+ Bxc8 37. Rd1 1-0

[Event "Titled Tuesday intern op 14th Jan Early"]
[Site "Chess.com INT"]
[Date "2025.01.14"]
[Round "5"]
[White "Calin, Alexandru"]
[Black "Svetlov, Dmitry"]
[Result "1-0"]
[WhiteElo "2214"]
[BlackElo "2335"]
[PlyCount "71"]
[EventDate "2025.01.14"]
[EventType "swiss (blitz)"]
[EventRounds "11"]
[EventCountry "USA"]
[SourceTitle "CB04_2025"]
[SourceDate "2025.01.22"]
[SourceVersion "1"]
[SourceVersionDate "2025.01.22"]
[SourceQuality "1"]

1. d4 d5 2. Nc3 Nf6 3. Bg5 Nbd7 4. Qd3 e6 5. e4 dxe4 6. Nxe4 Be7 7. Bxf6 Nxf6 8. Nf3 0-0 9. 0-0-0 b6 10. Ne5 Bb7 11. f3 c5 12. dxc5 Qxd3 13. Nxf6+ gxf6 14. Nxd3 bxc5 15. c4 e5 16. b3 a5 17. a4 Bc6 18. Kc2 Rab8 19. Nf2 Rb7 20. Bd3 Rfb8 21. Rb1 Kg7 22. Be4 Rb6 23. Rhd1 Be8 24. Ng4 Bc6 25. Ne3 Bf8 26. Nf5+ Kg8 27. Ne3 Bxe4+ 28. fxe4 Rd6 29. Rxd6 Bxd6 30. Rd1 Bf8 31. Nd5 Kg7 32. Rf1 Ra8 33. Nxf6 Ra6 34. Nd5 Rg6 35. Ne3 Rg4 36. Nxg4 1-0

[Event "Titled Tuesday intern op 14th Jan Early"]
[Site "Chess.com INT"]
[Date "2025.01.14"]
[Round "7"]
[White "Coppola, Claudio"]
[Black "Svetlov, Dmitry"]
[Result "1-0"]
[WhiteElo "2220"]
[BlackElo "2335"]
[PlyCount "75"]
[EventDate "2025.01.14"]
[EventType "swiss (blitz)"]
[EventRounds "11"]
[EventCountry "USA"]
[SourceTitle "CB04_2025"]
[SourceDate "2025.01.22"]
[SourceVersion "1"]
[SourceVersionDate "2025.01.22"]
[SourceQuality "1"]

1. b3 Nf6 2. Bb2 e6 3. e3 d5 4. f4 c5 5. Nf3 Nc6 6. Bb5 Be7 7. 0-0 Bd7 8. h3 Qb6 9. Bxc6 Bxc6 10. Ne5 Rf8 11. c4 0-0-0 12. Qe2 d4 13. exd4 cxd4 14. d3 Kb8 15. a3 a5 16. b4 axb4 17. axb4 Bxb4 18. Nd2 Nd7 19. Nxc6+ Qxc6 20. Bxd4 Nc5 21. Be5+ Kc8 22. d4 Bxd2 23. Qxd2 Ne4 24. Qb4 Ng3 25. d5 exd5 26. cxd5 Qxd5 27. Rac1+ Kd7 28. Rcd1 Ke6 29. Rxd5 Rxd5 30. f5+ Kxe5 31. Qf4+ Kf6 32. Qxg3 Rfd8 33. Qh4+ Ke5 34. Re1+ Kxf5 35. Qh5+ Kf4 36. Qxf7+ Kg5 37. Qxg7+ Kh4 38. Qh6+ 1-0

[Event "Titled Tuesday intern op 14th Jan Early"]
[Site "Chess.com INT"]
[Date "2025.01.14"]
[Round "2"]
[White "Plotnikov, Pavel"]
[Black "Svetlov, Dmitry"]
[Result "1-0"]
[WhiteElo "2297"]
[BlackElo "2335"]
[PlyCount "141"]
[EventDate "2025.01.14"]
[EventType "swiss (blitz)"]
[EventRounds "11"]
[EventCountry "USA"]
[SourceTitle "CB04_2025"]
[SourceDate "2025.01.22"]
[SourceVersion "1"]
[SourceVersionDate "2025.01.22"]
[SourceQuality "1"]

1. c4 e5 2. Nc3 Nf6 3. Nf3 Nc6 4. e4 Bc5 5. Nxe5 Bxf2+ 6. Kxf2 Nxe5 7. d4 Neg4+ 8. Kg1 d6 9. h3 Nh6 10. g4 Nhg8 11. Bg2 h6 12. Qf3 Ne7 13. Bf4 0-0 14. Bxh6 Nh7 15. Be3 Be6 16. Nd5 Ng6 17. Qg3 c6 18. Nf4 Nxf4 19. Bxf4 Qb6 20. Qc3 Rad8 21. Bxd6 Rxd6 22. c5 Qd8 23. cxd6 Qxd6 24. e5 Qd7 25. Kh2 Rd8 26. Rhd1 Nf8 27. Rd2 Bd5 28. Qg3 Ne6 29. Rad1 Qe7 30. b3 Qb4 31. h4 Bxg2 32. Kxg2 Nxd4 33. Qf4 c5 34. h5 Qb6 35. Rf2 Qc6+ 36. Kh2 Rf8 37. Rdf1 f6 38. Qe3 f5 39. gxf5 Qe8 40. Qg3 Qxh5+ 41. Kg2 Qh6 42. f6 Rf7 43. fxg7 Rxg7 44. Rf8+ Kh7 45. R8f7 Ne6 46. Rxg7+ Qxg7 47. Qxg7+ Kxg7 48. Rf6 Nd4 49. Kf2 Nc6 50. Rf5 Kg6 51. Rf6+ Kg7 52. Rxc6 bxc6 53. Ke3 Kf7 54. Ke4 Ke6 55. Kf4 a6 56. Ke4 a5 57. a4 c4 58. bxc4 c5 59. Kf4 Ke7 60. Kf5 Kf7 61. e6+ Ke7 62. Ke5 Ke8 63. Kd5 Kd8 64. Kxc5 Ke7 65. Kd5 Ke8 66. c5 Kd8 67. c6 Kc7 68. e7 Kb6 69. e8Q Ka7 70. Qd7+ Ka6 71. Qb7# 1-0

[Event "Titled Tuesday intern op 07th Jan Early"]
[Site "Chess.com INT"]
[Date "2025.01.07"]
[Round "10"]
[White "Svetlov, Dmitry"]
[Black "La Villa Rivas, Marlon Javier"]
[Result "1-0"]
[WhiteElo "2335"]
[BlackElo "2258"]
[PlyCount "135"]
[EventDate "2025.01.07"]
[EventType "swiss (blitz)"]
[EventRounds "11"]
[EventCountry "USA"]
[SourceTitle "CB03_2025"]
[SourceDate "2025.01.15"]
[SourceVersion "1"]
[SourceVersionDate "2025.01.15"]
[SourceQuality "1"]

1. c4 Nf6 2. Nc3 e6 3. e4 d5 4. cxd5 exd5 5. e5 d4 6. exf6 dxc3 7. Bb5+ c6 8. Qe2+ Be6 9. Bc4 cxd2+ 10. Bxd2 Qxf6 11. Nf3 Bc5 12. Bc3 Qe7 13. Bxe6 Qxe6 14. Qxe6+ fxe6 15. 0-0 0-0 16. Rfe1 Nd7 17. Rxe6 Rae8 18. Rae1 Rxe6 19. Rxe6 Nf6 20. h3 Kf7 21. Ng5+ Kg6 22. Ne4 Bb6 23. Nxf6 gxf6 24. g3 Rf7 25. Kg2 Kf5 26. Rd6 Re7 27. Rxf6+ Ke4 28. Rd6 h5 29. Rd2 Kf5 30. f3 Re1 31. g4+ Kf4 32. Bd4 Ba5 33. Rc2 Rd1 34. Bf2 hxg4 35. hxg4 Rd3 36. b4 Bb6 37. Bxb6 axb6 38. Rc4+ Kg5 39. Kg3 Ra3 40. Rc2 Ra4 41. Rb2 Ra3 42. b5 c5 43. Rd2 c4 44. Rd5+ Kf6 45. Rd2 Ke5 46. Rc2 c3 47. f4+ Kd4 48. g5 Kd3 49. Rc1 Kd2 50. Rh1 c2+ 51. Kg4 c1Q 52. Rxc1 Kxc1 53. g6 Kd2 54. g7 Ra8 55. f5 Ke3 56. f6 Rxa2 57. f7 Rg2+ 58. Kh3 Rxg7 59. f8Q Rc7 60. Qd6 Rc3 61. Qxb6+ Kd3 62. Kg4 Kc4 63. Qxb7 Rb3 64. b6 Kc5 65. Qc7+ Kb5 66. b7 Ka6 67. b8Q Rg3+ 68. Qxg3 1-0

[Event "Malaya Zemlya Rapid op"]
[Site "Novorossiysk"]
[Date "2021.07.10"]
[Round "4"]
[White "Chigaev, Maksim"]
[Black "Svetlov, Dmitry"]
[Result "1-0"]
[WhiteElo "2630"]
[BlackElo "2358"]
[PlyCount "72"]
[EventDate "2021.07.10"]
[EventType "swiss (rapid)"]
[EventRounds "9"]
[EventCountry "RUS"]
[SourceTitle "CBM 203 Extra"]
[Source "ChessBase"]
[SourceDate "2021.09.30"]
[SourceVersion "1"]
[SourceVersionDate "2021.09.30"]
[SourceQuality "1"]

1. d4 Nf6 2. c4 g6 3. Nc3 d5 4. cxd5 Nxd5 5. e4 Nxc3 6. bxc3 Bg7 7. Bc4 c5 8. Ne2 0-0 9. 0-0 Nc6 10. Be3 Na5 11. Bd3 cxd4 12. cxd4 e6 13. Qd2 b6 14. h4 Bb7 15. h5 Nc6 16. e5 Re8 17. h6 Bf8 18. Be4 Qd7 19. Rfd1 Rac8 20. Ng3 Nb4 21. a3 Bxe4 22. axb4 Bd5 23. Bg5 Rc7 24. Qf4 f5 25. exf6 Kf7 26. Nf1 Bxb4 27. Ne3 Rec8 28. Qh2 a5 29. Bf4 Kxf6 30. Ng4+ Ke7 31. Qh4+ Kf8 32. Bxc7 Rxc7 33. Qf6+ Kg8 34. Rac1 Bf8 35. Qe5 Rxc1 36. Rxc1 Kf7 1-0

[Event "Tuapse Blitz op"]
[Site "Tuapse"]
[Date "2021.07.08"]
[Round "5"]
[White "Svetlov, Dmitry"]
[Black "Khudyakov, Stanislav"]
[Result "1-0"]
[WhiteElo "2358"]
[BlackElo "2237"]
[PlyCount "63"]
[EventDate "2021.07.08"]
[EventType "swiss (blitz)"]
[EventRounds "13"]
[EventCountry "RUS"]
[SourceTitle "CBM 203 Extra"]
[Source "ChessBase"]
[SourceDate "2021.09.30"]
[SourceVersion "1"]
[SourceVersionDate "2021.09.30"]
[SourceQuality "1"]

1. d4 d5 2. Nf3 Nf6 3. c4 c6 4. e3 Bf5 5. Nc3 e6 6. Bd3 Bxd3 7. Qxd3 Nbd7 8. 0-0 Be7 9. b3 0-0 10. Bb2 Qa5 11. Rfd1 Rfd8 12. a3 Bf8 13. b4 dxc4 14. Qxc4 Qh5 15. e4 e5 16. h3 exd4 17. Nxd4 Ne5 18. Qb3 Qg6 19. Nf5 Nd3 20. f3 Nf4 21. Ne3 N6h5 22. Ng4 Ng3 23. Kf2 Ngh5 24. Qc4 Be7 25. Ne2 Bh4+ 26. Kg1 Ne6 27. Qc3 Ng3 28. Nxg3 Bxg3 29. Qc2 h5 30. Ne3 Bf4 31. Nf5 Bh6 32. Ne7+ 1-0

[Event "Tuapse Blitz op"]
[Site "Tuapse"]
[Date "2021.07.08"]
[Round "12"]
[White "Svetlov, Dmitry"]
[Black "Zakaryan, David"]
[Result "1-0"]
[WhiteElo "2358"]
[BlackElo "2311"]
[PlyCount "55"]
[EventDate "2021.07.08"]
[EventType "swiss (blitz)"]
[EventRounds "13"]
[EventCountry "RUS"]
[SourceTitle "CBM 203 Extra"]
[Source "ChessBase"]
[SourceDate "2021.09.30"]
[SourceVersion "1"]
[SourceVersionDate "2021.09.30"]
[SourceQuality "1"]

1. d4 Nf6 2. Bf4 g6 3. e3 Bg7 4. Nf3 0-0 5. Be2 d6 6. h3 Nc6 7. c3 Re8 8. 0-0 Bf5 9. Bh2 e5 10. Na3 a6 11. Nc4 Ne4 12. a4 exd4 13. Nxd4 Bd7 14. a5 d5 15. Nxc6 Bxc6 16. Nd2 Nc5 17. Nf3 Rc8 18. Qc2 Qe7 19. Rfd1 Red8 20. Bf4 Ne4 21. Nd2 Bd7 22. Bf3 Nf6 23. Ne4 Bf5 24. Nxf6+ Qxf6 25. Qa4 c6 26. Bg3 h6 27. Bh4 g5 28. Bg3 1-0

[Event "Tuapse Rapid op"]
[Site "Tuapse"]
[Date "2021.07.06"]
[Round "3"]
[White "Khudyakov, Stanislav"]
[Black "Svetlov, Dmitry"]
[Result "0-1"]
[WhiteElo "2237"]
[BlackElo "2358"]
[PlyCount "96"]
[EventDate "2021.07.06"]
[EventType "swiss (rapid)"]
[EventRounds "9"]
[EventCountry "RUS"]
[SourceTitle "CBM 203 Extra"]
[Source "ChessBase"]
[SourceDate "2021.09.30"]
[SourceVersion "1"]
[SourceVersionDate "2021.09.30"]
[SourceQuality "1"]

1. d4 Nf6 2. Nc3 e6 3. Bf4 Bb4 4. Qd3 d5 5. a3 Be7 6. e3 a6 7. Nf3 0-0 8. h4 b5 9. Ne5 c5 10. g4 Bb7 11. Bg2 Nc6 12. g5 Nxe5 13. dxe5 Nd7 14. Ne2 Qc7 15. e4 dxe4 16. Bxe4 c4 17. Qf3 Bxe4 18. Qxe4 Nc5 19. Qf3 Rad8 20. 0-0 Na4 21. Rab1 Bc5 22. Ng3 Bd4 23. b3 Nb6 24. Rfe1 Rd5 25. Rbd1 Rfd8 26. Kg2 cxb3 27. cxb3 Qe7 28. b4 Nc4 29. Nh5 Bxe5 30. Rxd5 Rxd5 31. Bxe5 Nxe5 32. Qg3 Qb7 33. Kh2 Ng6 34. Rc1 Rd4 35. f4 Ne7 36. Qc3 Qd7 37. Rc2 e5 38. Re2 Ng6 39. Qf3 h6 40. gxh6 Rd3 41. hxg7 Rxf3 42. Nf6+ Kxg7 43. Nxd7 exf4 44. Rg2 Kh6 45. Nf6 Rxa3 46. h5 f3 47. hxg6 fxg2 48. gxf7 Kg7 0-1

[Event "Tuapse Rapid op"]
[Site "Tuapse"]
[Date "2021.07.06"]
[Round "5"]
[White "Mutovin, Egor"]
[Black "Svetlov, Dmitry"]
[Result "1-0"]
[WhiteElo "1994"]
[BlackElo "2358"]
[PlyCount "174"]
[EventDate "2021.07.06"]
[EventType "swiss (rapid)"]
[EventRounds "9"]
[EventCountry "RUS"]
[SourceTitle "CBM 203 Extra"]
[Source "ChessBase"]
[SourceDate "2021.09.30"]
[SourceVersion "1"]
[SourceVersionDate "2021.09.30"]
[SourceQuality "1"]

1. d4 Nf6 2. c4 g6 3. Nc3 d5 4. cxd5 Nxd5 5. e4 Nxc3 6. bxc3 Bg7 7. Bc4 c5 8. Ne2 Nc6 9. Be3 0-0 10. 0-0 Na5 11. Bb5 cxd4 12. cxd4 e6 13. Qd2 b6 14. Bg5 f6 15. Be3 Bb7 16. f3 Qe7 17. Rac1 Rac8 18. Rfd1 Rxc1 19. Rxc1 Rd8 20. Qb2 f5 21. Bd3 Nc6 22. Bb5 Na5 23. Bd3 Qd6 24. Rc3 Nc6 25. e5 Qe7 26. Qc1 Rc8 27. Bb5 Qd7 28. Ba4 a6 29. Bb3 Na5 30. Bd1 Rxc3 31. Qxc3 Bd5 32. a4 Nc4 33. Bb3 b5 34. axb5 axb5 35. Kf2 Bf8 36. Nf4 Nxe3 37. Kxe3 Bh6 38. Bxd5 Bxf4+ 39. Kxf4 Qxd5 40. Qc8+ Kf7 41. Qc7+ Ke8 42. Qc8+ Ke7 43. Qc7+ Qd7 44. Qc5+ Kf7 45. Qb6 Kg7 46. Ke3 g5 47. Qc5 Qb7 48. Kd3 b4 49. Kc2 g4 50. Kb3 gxf3 51. gxf3 Qxf3+ 52. Kxb4 Qb7+ 53. Kc3 f4 54. Kd3 Qf3+ 55. Kd2 Qe3+ 56. Kc2 Qe4+ 57. Kd2 Kg6 58. Qd6 Kf5 59. Qd7 Qe3+ 60. Kc2 Qe2+ 61. Kc3 Qe1+ 62. Kd3 Qd1+ 63. Kc3 Qc1+ 64. Kd3 Qa3+ 65. Kd2 Qb2+ 66. Kd3 Qb3+ 67. Kd2 Ke4 68. Qxh7+ Kxd4 69. Qa7+ Kxe5 70. Qc7+ Ke4 71. Qh7+ Ke5 72. Qc7+ Kf5 73. Qh7+ Kg4 74. Qg6+ Kf3 75. Qh5+ Ke4 76. Qh7+ Kd4 77. Qa7+ Ke5 78. Qc7+ Kf5 79. Qh7+ Kg4 80. Qg6+ Kf3 81. Qh5+ Ke4 82. Qh7+ Kd5 83. Qd7+ Ke5 84. Qc7+ Kf5 85. Qh7+ Kf6 86. Qh6+ Ke5 87. Qg7+ Kd5 1-0

[Event "Tuapse Rapid op"]
[Site "Tuapse"]
[Date "2021.07.06"]
[Round "4"]
[White "Svetlov, Dmitry"]
[Black "Savchenko, Boris"]
[Result "0-1"]
[WhiteElo "2358"]
[BlackElo "2553"]
[PlyCount "114"]
[EventDate "2021.07.06"]
[EventType "swiss (rapid)"]
[EventRounds "9"]
[EventCountry "RUS"]
[SourceTitle "CBM 203 Extra"]
[Source "ChessBase"]
[SourceDate "2021.09.30"]
[SourceVersion "1"]
[SourceVersionDate "2021.09.30"]
[SourceQuality "1"]

1. d4 Nf6 2. Nf3 g6 3. e3 c5 4. Be2 Bg7 5. 0-0 b6 6. d5 e6 7. c4 exd5 8. cxd5 0-0 9. d6 Ba6 10. Bxa6 Nxa6 11. Nc3 Re8 12. Re1 c4 13. Qa4 Nc5 14. Qxc4 Nfe4 15. Nxe4 Nxe4 16. Rd1 Rc8 17. Qa4 g5 18. Nd4 Nxd6 19. Bd2 g4 20. Rac1 Rc5 21. Bb4 Rxc1 22. Rxc1 Ne4 23. Be1 Nc5 24. Qd1 Qg5 25. b4 Ne4 26. Rc7 h5 27. Ne2 d5 28. Rd7 Be5 29. Qxd5 Re6 30. Nd4 Nf6 31. Nxe6 Bxh2+ 32. Kh1 Qxd5 33. Rxd5 Nxd5 34. Nd8 Bd6 35. Nc6 a6 36. e4 Nf4 37. Bd2 Nd3 38. f3 Kf8 39. Kg1 gxf3 40. gxf3 Ke8 41. a3 Kd7 42. Nd4 Be5 43. Be3 Nb2 44. Nc2 Nc4 45. Bc1 Kc6 46. f4 Bc3 47. Kf2 Kb5 48. e5 Ka4 49. Ke2 Kb3 50. Kd3 h4 51. Ne3 h3 52. Ng4 b5 53. Be3 Nxe3 54. Kxe3 Kxa3 55. Ke4 Kxb4 56. Kd5 a5 57. f5 a4 0-1

[Event "Titled Tuesday intern op 29th June"]
[Site "Chess.com INT"]
[Date "2021.06.29"]
[Round "11"]
[White "Svetlov, Dmitry"]
[Black "Jia, Haoxiang"]
[Result "0-1"]
[WhiteElo "2358"]
[BlackElo "2331"]
[PlyCount "74"]
[EventDate "2021.06.29"]
[EventType "swiss (blitz)"]
[EventRounds "11"]
[EventCountry "USA"]
[SourceTitle "CBM 203 Extra"]
[Source "ChessBase"]
[SourceDate "2021.09.30"]
[SourceVersion "1"]
[SourceVersionDate "2021.09.30"]
[SourceQuality "1"]

1. e4 c5 2. Nf3 e6 3. d4 cxd4 4. Nxd4 a6 5. Nc3 Qc7 6. a3 b5 7. Be3 Bb7 8. Qd2 Nf6 9. f3 Be7 10. g4 h6 11. Rg1 d5 12. exd5 Nxd5 13. Nxd5 Bxd5 14. 0-0-0 Nc6 15. Nf5 Bxf3 16. Nxg7+ Kf8 17. Bxh6 Kg8 18. Bf4 e5 19. Bg5 Kxg7 20. Bxe7 Qxe7 21. g5 Bxd1 22. g6 f6 23. h4 Rad8 24. Qg2 Bh5 25. Bd3 Nd4 26. Rf1 Rhe8 27. c3 e4 28. Bc2 Nxc2 29. Qxc2 e3 30. Re1 e2 31. Kb1 Rd1+ 32. Rxd1 exd1Q+ 33. Qxd1 Bxd1 34. Ka2 Qe6+ 35. c4 Qxc4+ 36. Ka1 Bb3 37. h5 Qc1# 0-1

[Event "Titled Tuesday intern op 29th June"]
[Site "Chess.com INT"]
[Date "2021.06.29"]
[Round "10"]
[White "Vlachos, Anatole"]
[Black "Svetlov, Dmitry"]
[Result "0-1"]
[WhiteElo "2439"]
[BlackElo "2358"]
[PlyCount "68"]
[EventDate "2021.06.29"]
[EventType "swiss (blitz)"]
[EventRounds "11"]
[EventCountry "USA"]
[SourceTitle "CBM 203 Extra"]
[Source "ChessBase"]
[SourceDate "2021.09.30"]
[SourceVersion "1"]
[SourceVersionDate "2021.09.30"]
[SourceQuality "1"]

1. Nf3 d5 2. g3 Bf5 3. Bg2 Nf6 4. 0-0 e6 5. d3 h6 6. Nbd2 c6 7. Qe1 Be7 8. e4 Bh7 9. Qe2 0-0 10. b3 a5 11. a4 Na6 12. Bb2 Nb4 13. Ne1 b5 14. Kh1 Qb6 15. f4 c5 16. axb5 Qxb5 17. c3 Nc6 18. c4 dxc4 19. dxc4 Qb7 20. e5 Nd7 21. Ra3 Qb6 22. Nef3 Ra7 23. Rfa1 Nd4 24. Nxd4 cxd4 25. R3a2 d3 26. Qf3 Bb4 27. Ne4 Bxe4 28. Qxe4 d2 29. Bd4 Nc5 30. Qe3 Rd8 31. Rd1 Rad7 32. Bc3 Rd3 33. Rdxd2 Rxe3 34. Rxd8+ Qxd8 0-1

[Event "EU-ch Online 2300+ Final"]
[Site "Chess.com INT"]
[Date "2020.05.30"]
[Round "1"]
[White "Svetlov, Dmitry"]
[Black "Runic, Zoran"]
[Result "1-0"]
[WhiteElo "2358"]
[BlackElo "2348"]
[PlyCount "89"]
[EventDate "2020.05.30"]
[EventType "swiss"]
[EventRounds "8"]
[EventCountry "NET"]
[SourceTitle "CBM 196 Extra"]
[Source "ChessBase"]
[SourceDate "2020.07.31"]
[SourceVersion "1"]
[SourceVersionDate "2020.07.31"]
[SourceQuality "1"]

1. d4 Nf6 2. Bf4 c5 3. e3 e6 4. c3 b6 5. Nf3 Bb7 6. Bd3 Be7 7. Nbd2 0-0 8. e4 Nc6 9. a3 d6 10. 0-0 e5 11. Be3 Ng4 12. dxc5 Nxe3 13. fxe3 dxc5 14. Qe2 Qc7 15. Ba6 Rad8 16. Rfd1 g6 17. b4 Kg7 18. Nb3 Nb8 19. Bxb7 Qxb7 20. Qc4 Rc8 21. b5 Nd7 22. Qd5 Qxd5 23. exd5 c4 24. Nbd2 f5 25. a4 g5 26. h3 h5 27. g4 Bc5 28. Nxc4 fxg4 29. Nxg5 Kg6 30. Ne6 Rf3 31. hxg4 hxg4 32. a5 Rh8 33. axb6 Rg3+ 34. Kf2 Rf3+ 35. Ke2 Bxb6 36. Rg1 Rh2+ 37. Kd3 Kf5 38. Nd6+ Kf6 39. Rxg4 Rxe3+ 40. Kc4 Rf2 41. Rag1 Ke7 42. Nc8+ Ke8 43. Rg8+ Nf8 44. R1g7 Re4+ 45. Kb3 1-0

[Event "EU-ch Online 2300+ Qual"]
[Site "Chess.com INT"]
[Date "2020.05.29"]
[Round "4"]
[White "Cernousek, Lukas"]
[Black "Svetlov, Dmitry"]
[Result "0-1"]
[WhiteElo "2460"]
[BlackElo "2358"]
[PlyCount "56"]
[EventDate "2020.05.29"]
[EventType "swiss"]
[EventRounds "8"]
[EventCountry "NET"]
[SourceTitle "CBM 196 Extra"]
[Source "ChessBase"]
[SourceDate "2020.07.31"]
[SourceVersion "1"]
[SourceVersionDate "2020.07.31"]
[SourceQuality "1"]

1. d4 Nf6 2. c4 g6 3. g3 Bg7 4. Bg2 d5 5. cxd5 Nxd5 6. Nf3 0-0 7. 0-0 Nb6 8. Nc3 Nc6 9. e3 Re8 10. a3 e5 11. d5 Ne7 12. e4 Bg4 13. h3 Bxf3 14. Qxf3 c6 15. Rd1 cxd5 16. exd5 Nf5 17. d6 Nd4 18. Qxb7 Qxd6 19. Qa6 Rab8 20. Qxa7 Nc4 21. Qa4 Rec8 22. b4 Nb6 23. Ne4 Nxa4 24. Nxd6 Rd8 25. Rxd4 exd4 26. Bf4 g5 27. Bxg5 Rxd6 28. Bf4 Rbd8 0-1